000 02304cam a2200529 a 4500
001 14668701
003 ARRUPE
005 20220407081620.0
008 061213s2006 enkab b 001 0 eng
010 _a 2006299670
015 _aGBA636702
_2bnb
016 7 _a013437587
_2Uk
020 _a0852559887 (James Currey cloth)
020 _a0852559879 (James Currey paper)
020 _a9970025864 (Fountain Publishers paper)
020 _a0821417339 (Ohio University cloth)
020 _a0821417347 (Ohio University paper)
024 3 _c9780852559888 (James Currey cloth)
024 3 _c9780852559871 (James Currey paper)
024 3 _c9789970025862 (Fountain Publishers paper)
024 3 _c9780821417331 (Ohio University cloth)
024 3 _c9780821417348 (Ohio University paper)
035 _a(OCoLC)ocm65469027
035 _a(OCoLC)65469027
040 _aUKM
_cUKM
_dBWKUK
_dBAKER
_dYDXCP
_dDLC
042 _alccopycat
043 _af-ug---
050 0 0 _aHD6210.7
_b.B36 2006
082 0 4 _a331.40967610904
_222
100 1 _aBantebya-Kyomuhendo, Grace.
_951234
245 1 0 _aWomen, work & domestic virtue in Uganda, 1900-2003 /
_cGrace Bantebya Kyomuhendo & Marjorie Keniston McIntosh.
246 3 _aWomen, work and domestic virtue in Uganda, 1900-2003
260 _aOxford :
_bJames Currey ;
_aAthens, Ohio :
_bOhio University Press ;
_aKampala [Uganda] :
_bFountain Publishers,
_c2006.
300 _axii, 308 p. :
_bill., maps ;
_c23 cm.
490 1 _aEastern African studies
504 _aIncludes bibliographical references (p. 280-299) and index.
650 0 _aWomen
_xEmployment
_zUganda
_xHistory.
_951235
650 0 _aWomen
_zUganda
_xSocial conditions.
_951236
700 1 _aMcIntosh, Marjorie Keniston.
_951237
830 0 _aEastern African studies (London, England)
856 4 1 _3Table of contents only
_uhttp://www.loc.gov/catdir/toc/fy0705/2006299670.html
856 4 2 _3Contributor biographical information
_uhttp://www.loc.gov/catdir/enhancements/fy0707/2006299670-b.html
856 4 2 _3Publisher description
_uhttp://www.loc.gov/catdir/enhancements/fy0707/2006299670-d.html
906 _a7
_bcbc
_ccopycat
_d2
_encip
_f20
_gy-gencatlg
942 _2lcc
_cMONOGRAPH
999 _c131263
_d131263